Famous People from North America by Picture - Statistics

General Stats
  • This quiz has been taken 189 times
  • The average score is 11 of 16
Answer Stats
Picture Hint Answer % Correct
Los Angeles Leonardo DiCaprio
90%
San Francisco Steve Jobs
90%
Toronto Drake
87%
Philadelphia Kobe Bryant
81%
Boston Benjamin Franklin
79%
Houston Beyoncé
78%
Memphis Aretha Franklin
74%
Mexico City Frida Kahlo
71%
Ottawa Justin Trudeau
71%
Omaha Malcolm X
71%
New York Robert De Niro
69%
Havana Camila Cabello
63%
Portland Stephen King
53%
Chicago Bobby Fischer
41%
Washington, D.C. Marvin Gaye
35%
Guadalajara Guillermo del Toro
31%
No matching quizzes found
Score Distribution
Percent of People with Each Score
Percentile by Number Answered
Your Score History
You have not taken this quiz